Genetics (Record no. 31368)

MARC details
000 -LEADER
fixed length control field 00420nam a2200169 4500
005 - DATE AND TIME OF LATEST TRANSACTION
control field 20250815191017.0
008 - FIXED-LENGTH DATA ELEMENTS--GENERAL INFORMATION
fixed length control field 250815b |||||||| |||| 00| 0 eng d
020 ## - INTERNATIONAL STANDARD BOOK NUMBER
ISBN 9788127248673
041 ## - LANGUAGE CODE
Language code of text/sound track or separate title eng
082 ## - DEWEY DECIMAL CLASSIFICATION NUMBER
Classification number 576.5 T02
Item number SIN
100 ## - MAIN ENTRY--AUTHOR NAME
Personal name Singh, B.D.
245 ## - TITLE STATEMENT
Title Genetics
260 ## - PUBLICATION, DISTRIBUTION, ETC. (IMPRINT)
Place of publication Ludhiana :
Name of publisher Kalyani Publishers,
Year of publication 2002.
300 ## - PHYSICAL DESCRIPTION
Number of Pages 823p.
650 ## - SUBJECT ADDED ENTRY--TOPICAL TERM
Topical Term Genetics and evolution
942 ## - ADDED ENTRY ELEMENTS (KOHA)
Koha item type Books
Holdings
Lost status Damaged status Permanent Location Current Location Shelving location Date acquired Cost, normal purchase price Full call number Accession Number last updated Koha item type
    Nalanda Library Nalanda Library Circulation Books 15/08/2025 295.00 576.5 T02 SIN G2514 15/08/2025 Books